Statistics for Hamilton Songs By Sentence

Click here to take the quiz!

General Stats

  • This quiz has been taken 298 times
  • The average score is 9 of 10

Answer Stats

Sentence (s)Title% Correct
There’s a million things I haven’t done, but just you wait!Alexander Hamilton
98%
Longing for Angelica, missing my wife, that’s when Miss Maria Reynolds walked into my life, she said-Say No To This
96%
I remember that night I just might regret that night for the rest of my days...Satisfied
95%
Raise a glass to freedom... Something they can never take away...The Story Of Tonight
95%
I am the one thing in life I can control! I Am inimitable, I am an original!Wait For It
94%
(Eliza!) I put myself back in the narrative.Who Lives, Who Dies, Who Tells Your Story?
89%
I’m taking this horse by the reins, making redcoats redder with bloodstains!Guns And Ships
89%
We’re gonna teach them how to say goodbye, teach ‘em how to say goodbye!One Last Time
85%
You haven’t met him yet, you haven’t had the chance! ‘Cuz he’s been kicking a* as the ambassador to France!What’d I Miss?
82%
The Virginians emerge with the nations capital, and here’s the piece de resistance:The Room Where It Happens
78%

Score Distribution

Percentile by Number Answered

Percent of People with Each Score

Your Score History

You have not taken this quiz